00426cam a2200157ua 45000010005000000080039000050400009000440820010000531000025000632450070000882500009001582600034001673000017002016530014002186530036002321813110811n ii |||gr||||Z||||||eng cMAIN a370.1 aKar, B. C.,eAuthor.1 aEducation : ba studyof its general principles / cby B. C. Kar  a1st. aGuahati:bNew book stall,969. a116p:c23cm. aEducation ageneral principles of education